| 000 | 00882cas a22002175 4500 | ||
|---|---|---|---|
| 001 | L150555 | ||
| 008 | 100727c2008 xxk r p 0 a0eng u | ||
| 035 | _a(Sirsi) u150555 | ||
| 041 | 0 | _aeng | |
| 050 | _a333.33 $2 18 | ||
| 110 | 2 |
_aColliers International _95548 |
|
| 245 | 0 | 0 |
_aProperty snapshot _h[electronic resource] |
| 260 |
_aLondon _bColliers CRE _c2008- |
||
| 362 | 0 | _aMarch 2008- | |
| 490 | 0 | _aColliers International Property Snapshot | |
| 520 | _aMonthly survey of the UK commercial property investment market, retail, office, logistic, industrial and residential occupier markets and the economic background. Focuses on Colliers International's views on these sectors. | ||
| 554 | _aMonthly | ||
| 651 | 4 |
_aUnited Kingdom _y |
|
| 856 | 4 | 8 |
_uhttps://www.colliers.com/markets/uk/marketoverviewreports _zView the report free of charge at www.cluttons.com |
| 942 | _n0 | ||
| 999 |
_c119282 _d119282 |
||